Πλήρες σύστημα σχολικής μουσικής, (ωδικής) : εις εξ τεύχη
Αποθηκεύτηκε σε:
| Κύριος συγγραφέας: | |
|---|---|
| Μορφή: | Βιβλίο |
| Γλώσσα: | Greek |
| Δημοσίευση: |
Εν Αθήναις :
[χ.ό.],
[19--].
|
| Έκδοση: | 2η έκδ. |
| Θέματα: | |
| Διαθέσιμο Online: | http://hdl.handle.net/11610/16715 |
| Ετικέτες: |
Προσθήκη ετικέτας
Δεν υπάρχουν, Καταχωρήστε ετικέτα πρώτοι!
|
MARC
| LEADER | 00000cam a2200000 i 4500 | ||
|---|---|---|---|
| 001 | 1/88644 | ||
| 008 | 080612q19301950gr | ||| ||| ||gre|| | ||
| 035 | |l 10098163 | ||
| 040 | |a GR-MY-UA |b gre |e aacr | ||
| 041 | 0 | |a gre | |
| 082 | 7 | |a 372.87 |2 (22) | |
| 100 | 1 | |a Κόκκινος, Αθανάσιος. | |
| 245 | 1 | 0 | |a Πλήρες σύστημα σχολικής μουσικής, (ωδικής) : |b εις εξ τεύχη / |c Αθανάσιου Κόκκινου. |
| 250 | |a 2η έκδ. | ||
| 260 | |a Εν Αθήναις : |b [χ.ό.], |c [19--]. | ||
| 300 | |a 6 τ. ; |c 24 εκ. | ||
| 500 | |a Το Παράρτημα της Ρόδου διαθέτει την 2η έκδοση του πρώτου τόμου. | ||
| 500 | |a Υπάρχει ψηφιακό αντίγραφο για τον 1ο τόμο. | ||
| 505 | 0 | |a Τ.1. Αρχαί θεωρίας της μουσικής - Μελωδικαί ασκήσεις επί των φυσικών φθόγγων -- τ.2. Μείζονες κλίμακες και μελωδικαί ασκήσεις εφ' όλων των μειζόνων κλιμάκων -- τ.3. Ελάσσονες και αρχαίαι ελληνικαί κλίμακες, μελωδικαί ασκήσεις επ' αυτών και επί του γνώμονος φα -- τ.4. Στοιχεία οργανολογίας, μορφολογίας και ιστορίας της μουσικής και μελωδικαί ασκήσεις επί χορευτικών ρυθμών διαφόρων εποχών. Ασκήσεις επί του γνώμονος του φα -- τ.5. 40 παιδικά τραγούδια με φυσικούς φθόγγους, μονόφωνα και δίφωνα -- τ.6. Τρίφωνα τραγούδια παιδικών χορωδιών, με ηλλοιωμένους φθόγγους και εις τας ευχρήστους τονικότητας. | |
| 521 | |a Υπό του τίτλου του πρώτου τόμου: "Διά την Α' τάξιν των Εξαταξίων σχολείον Μ. Εκπαιδεύσεως". | ||
| 521 | |a Υπό του τίτλου του πέμπτου τόμου: "Διά μαθητάς των μικρών τάξεων των σχολείων Μέσης Εκπαιδεύσεως και τας Παιδαγωγικάς Ακαδημίας". | ||
| 650 | 0 | 0 | |a School music. |
| 650 | 0 | 0 | |a School music |x Instruction and study. |
| 650 | 0 | 0 | |a Music |x History. |
| 650 | 0 | 0 | |a Music |x Philosophy and aesthetics. |
| 650 | 0 | 0 | |a Music theory |x Elementary works. |
| 852 | |a INST |b RHODES |c AKA |e 20080612 |h 372.87 ΚΟΚ |p 005400029163 |q 005400029163 |t BK |v τ.5: |y 0 |z τ.5 | ||
| 852 | |a INST |b RHODES |c AKA |e 20080612 |h 372.87 ΚΟΚ |p 005400029295 |q 005400029295 |t BK |v τ.1: |y 23 |z τ.1 | ||
| 853 | |a INST |b RHODES |c AKA |h 372.87 ΚΟΚ | ||
| 856 | |u http://hdl.handle.net/11610/16715 | ||
| 901 | |a BIBL4-2008-2 | ||
| 909 | |a Ρ |b 150105 | ||
| 909 | |a Ρ |b 150187 | ||
| 970 | |a ΧΑΡΙΟΠΟΛΙΤΟΥ |b ΚΩΝΣΤΑΝΤΙΝΑ |z 2008-06-12 | ||